000 01443nam a2200433 c 4500
999 _c160013
_d160013
003 BLK
005 20241109005513.0
008 180410b bul|||||r ||||||| ||bul||
010 _aKNG00167215000
040 _aBLK
041 _aBUL
_cBUL
072 7 _2bullib
_aК
_xКраезнание
072 7 _2bullib
_aЯ
_xАвтографи
072 7 _2bullib
_aРА
_xРусенски автори
072 7 _2bullib
_aРА
_xРусенски автори
080 _aБългарска литература
_b821.163.2
_x-1
_z821.163.2-1
100 1 _aКисьов, Здравко Крумов
_d1937-2015
_gПоет. Преводач.
_979339
139 _aКисьов, Здравко Крумов
_bК 60
245 1 0 _aМонолози
_bСтихове
_cЗдравко Крумов Кисьов.
257 _aBGR
260 _bЩръклитиздат
_c1964
300 _a64 л.
_bсн.
_c14Х20 см
380 _aX
500 _aМашинопис
590 _aАвтографът е за Веселин Тачев
651 4 _aБългария
_9241624
651 4 _aРусе
_9179462
653 _aстихотворения
659 _aК
659 _aЯ
852 _aЦб І 24287
852 _aК 821.163.2/К 60
856 4 _qpdf
856 4 _qpdf
942 _cKNG
_n0
_s1
944 _aCR
_c13.11.2014
_k
_lCRON CRON
944 _aED
_c13.03.2015
_kВаля_Йорданова
999 _d160013